000 00299nam a22001097a 4500
020 _a0333218396
082 _a332.45 FLE
245 _aflexible exchange rates and stabilization policy
260 _aLondon
_bThe scandinavian journal of economocs
_c1977
300 _avii, 280p.
_bill 23cm.
942 _cBK
999 _c14924
_d14924